|
|
|
|
| LEADER |
00000nbm0a2200000 4500 |
| 001 |
224791 |
| 005 |
20231101230621.0 |
| 035 |
|
|
|a (RuTPU)RU\TPU\book\245110
|
| 090 |
|
|
|a 224791
|
| 100 |
|
|
|a 20121030d1970 k y0rusy50 ca
|
| 101 |
0 |
|
|a rus
|
| 102 |
|
|
|a RU
|
| 105 |
|
|
|a a m 001zy
|
| 200 |
1 |
|
|a Разработка метода и аппаратуры для изготовления алмазных волок электронным лучем
|e диссертация на соискание ученой степени кандидата технических наук
|f Н. Г. Панковец
|g Томский институт радиоэлектроники и электронной техники (ТИРиЭТ) ; науч. рук. Д. А. Носков
|
| 210 |
|
|
|a Томск
|c [Б. и.]
|d 1970
|
| 215 |
|
|
|a 161 л.
|c ил.
|
| 320 |
|
|
|a Библиогр.: с. 153-158.
|
| 371 |
0 |
|
|a For_staff_use
|
| 606 |
1 |
|
|a Электронно-лучевая обработка металлов
|2 stltpush
|3 (RuTPU)RU\TPU\subj\20387
|9 45496
|
| 610 |
1 |
|
|a диссертации
|
| 610 |
1 |
|
|a материалы
|
| 610 |
1 |
|
|a обработка
|
| 610 |
1 |
|
|a электронно-лучевые методы
|
| 610 |
1 |
|
|a отверстия
|
| 610 |
1 |
|
|a сверление
|
| 610 |
1 |
|
|a алмазы
|
| 610 |
1 |
|
|a электронно-лучевая обработка
|
| 675 |
|
|
|a 621.7.048.7(04)
|v 3
|
| 700 |
|
1 |
|a Панковец
|b Н. Г.
|
| 702 |
|
1 |
|a Носков
|b Д. А.
|4 727
|
| 712 |
0 |
2 |
|a Томский институт радиоэлектроники и электронной техники (ТИРиЭТ)
|c (1962-1971)
|2 stltpush
|3 (RuTPU)RU\TPU\col\44
|
| 801 |
|
1 |
|a RU
|b 63413507
|c 20121030
|
| 801 |
|
2 |
|a RU
|b 63413507
|c 20131105
|g RCR
|
| 942 |
|
|
|c BK
|